[Event "Choc des Generations"]
[Site "Montreal CAN"]
[Date "2018.04.08"]
[Round "4"]
[White "Ouellet, Maili-Jade"]
[Black "Hebert, Jean"]
[Result "0-1"]
[WhiteElo "2237"]
[BlackElo "2363"]
[PlyCount "112"]
[GameId "2160767908232854"]
[EventDate "2018.04.06"]
[EventType "schev"]
[EventRounds "5"]
[EventCountry "CAN"]
[SourceTitle "hb 2018"]

1. d4 Nf6 2. c4 e6 3. Nc3 Bb4 4. e3 c5 5. Bd3 Nc6 6. Nge2 d6 7. O-O e5 8. d5 Ne7 9. a3 Bxc3 10. Nxc3 Ng6 11. f4 exf4 12. exf4 O-O 13. h3 Ne8 14. f5 Ne5 15. Be2 f6 16. g4 a6 17. a4 b6 18. Rf2 Ra7 19. Bf4 Re7 20. Qd2 g6 21. fxg6 hxg6 22. Raf1 Ng7 23. Bxe5 Rxe5 24. Qh6 Qe8 25. Rxf6 Rxf6 26. Rxf6 Rxe2 27. Nxe2 Qxe2 28. Qxg6 Qe5 29. Qf7+ Kh7 30. Kg2 Qxb2+ 31. Rf2 Qe5 32. Qf6 Qe4+ 33. Kh2 Qe3 34. Qh4+ Kg8 35. Qg3 Qd4 36. Qf3 Bd7 37. Qf7+ Kh7 38. Re2 Bxa4 39. g5 Bd1 40. g6+ Kh6 41. Rg2 Qe5+ 42. Kg1 Qe3+ 43. Kh2 Bf3 44. Qg8 Qe5+ 45. Kg1 Bxg2 46. Qh7+ Kg5 47. Kxg2 Qe4+ 48. Kf1 Qxc4+ 49. Kg1 Qc1+ 50. Kg2 Qc2+ 51. Kf1 Qxg6 52. Qg8 Nf5 53. Qd8+ Kf4 54. Qxb6 Ne3+ 55. Ke1 Qg1+ 56. Ke2 Qd1+ 0-1

[Event "Choc des Generations"]
[Site "Montreal CAN"]
[Date "2018.04.08"]
[Round "5"]
[White "Hebert, Jean"]
[Black "Chiku-Ratte, Olivier-Kenta"]
[Result "1-0"]
[WhiteElo "2363"]
[BlackElo "2274"]
[PlyCount "111"]
[GameId "2160767908232857"]
[EventDate "2018.04.06"]
[EventType "schev"]
[EventRounds "5"]
[EventCountry "CAN"]
[SourceTitle "hb 2018"]

1. e4 c5 2. Nf3 g6 3. c3 d5 4. exd5 Qxd5 5. d4 Nc6 6. Be2 Bg7 7. Be3 Nh6 8. dxc5 Qxd1+ 9. Bxd1 Ng4 10. Na3 Nxe3 11. fxe3 O-O 12. Kf2 Bd7 13. Be2 Rfc8 14. Rhd1 Be8 15. Nc4 Nd8 16. b4 Bxc3 17. Rab1 Rab8 18. Nd4 b6 19. cxb6 axb6 20. b5 Bxd4 21. exd4 Ne6 22. Ke3 Nc7 23. a4 Nd5+ 24. Kd2 Rc7 25. Rdc1 Rbc8 26. Nxb6 Rxc1 27. Rxc1 Nxb6 28. a5 Rb8 29. axb6 Kg7 30. Kc3 Rxb6 31. Kb4 Kf6 32. Rc7 Bxb5 33. Bxb5 Rb8 34. Ra7 Rc8 35. Bc4 Rb8+ 36. Kc3 Rb1 37. Ra2 e6 38. Rf2+ Kg7 39. d5 exd5 40. Bxd5 f5 41. Rb2 Rc1+ 42. Kd2 Rc8 43. Rb7+ Kh6 44. Rd7 Rb8 45. Ke3 Re8+ 46. Kf4 Rb8 47. h3 Rf8 48. Re7 Rd8 49. Ke5 Rb8 50. Kf6 Rf8+ 51. Bf7 Rb8 52. g4 fxg4 53. hxg4 Rb6+ 54. Be6 Rb5 55. Rd7 Rc5 56. Rd1 1-0

[Event "Granby op"]
[Site "Granby CAN"]
[Date "2017.11.24"]
[Round "1"]
[White "Hebert, Jean"]
[Black "Saha, Ananda"]
[Result "1-0"]
[WhiteElo "2413"]
[BlackElo "2191"]
[PlyCount "99"]
[GameId "2160767908300590"]
[EventDate "2017.11.24"]
[EventType "swiss"]
[EventRounds "5"]
[EventCountry "CAN"]
[SourceTitle "EXT 2022"]
[Source "ChessBase"]
[SourceDate "2021.10.06"]
[SourceVersion "1"]
[SourceVersionDate "2021.10.06"]
[SourceQuality "1"]

1. Nf3 d5 2. g3 Nf6 3. Bg2 c6 4. O-O Bg4 5. d3 e6 6. Nbd2 Be7 7. e4 Nbd7 8. h3 Bxf3 9. Qxf3 O-O 10. Qe2 dxe4 11. dxe4 e5 12. b3 b5 13. a4 Qb6 14. Nf3 Rfe8 15. a5 Qc7 16. Bb2 a6 17. Bc3 Bd6 18. Rfd1 Rad8 19. Nd2 c5 20. Nf1 Nb8 21. g4 Nc6 22. g5 Nd7 23. Ne3 Nf8 24. Qg4 Ne6 25. Nd5 Qb8 26. h4 Ncd4 27. Bxd4 exd4 28. h5 Be5 29. g6 fxg6 30. hxg6 h6 31. Rab1 Nf4 32. Rd3 Nxd3 33. cxd3 Kh8 34. Rc1 Rf8 35. Rxc5 Qd6 36. b4 Bh2+ 37. Kf1 Qg3 38. Qxg3 Bxg3 39. Rc2 Rd6 40. Bh3 Rxg6 41. Bf5 Rd6 42. fxg3 g6 43. Rc8 Kg7 44. Rxf8 Kxf8 45. Bc8 Ke8 46. Bb7 Kd8 47. Kf2 g5 48. g4 Re6 49. Kg3 Rd6 50. Nb6 1-0

[Event "Granby op"]
[Site "Granby CAN"]
[Date "2017.11.25"]
[Round "2"]
[White "Libersan, Thierry"]
[Black "Hebert, Jean"]
[Result "0-1"]
[WhiteElo "2151"]
[BlackElo "2413"]
[PlyCount "150"]
[GameId "2160767908300601"]
[EventDate "2017.11.24"]
[EventType "swiss"]
[EventRounds "5"]
[EventCountry "CAN"]
[SourceTitle "EXT 2022"]
[Source "ChessBase"]
[SourceDate "2021.10.06"]
[SourceVersion "1"]
[SourceVersionDate "2021.10.06"]
[SourceQuality "1"]

1. d4 Nf6 2. Bf4 g6 3. Nc3 d6 4. Qd2 c6 5. e4 b5 6. f3 Nbd7 7. Nge2 e5 8. Be3 a6 9. g4 h5 10. g5 Nh7 11. h4 Be7 12. f4 exf4 13. Nxf4 Nb6 14. b3 Nf8 15. Bg2 b4 16. Nce2 d5 17. e5 Bg4 18. O-O Qd7 19. Nc1 Ne6 20. Ncd3 a5 21. Rac1 O-O 22. c3 bxc3 23. Rxc3 a4 24. Rfc1 axb3 25. axb3 Rac8 26. Qc2 Bf5 27. Qf2 Nxf4 28. Nxf4 Bb4 29. R3c2 Ba3 30. Ra1 Ra8 31. Rca2 Bb4 32. Rxa8 Rxa8 33. Rxa8+ Nxa8 34. Bd2 Be7 35. Ba5 Bg4 36. Qc2 Qa7 37. Qc3 Nb6 38. Kh2 Nd7 39. b4 Nf8 40. Bh3 Bxh3 41. Kxh3 Qd7+ 42. Kh2 Qf5 43. Qe3 Qc2+ 44. Kg3 Qd1 45. Kg2 Qg4+ 46. Qg3 Qf5 47. Qe3 Kg7 48. b5 Qc2+ 49. Kg3 Qa4 50. Bc7 Qxb5 51. e6 Qb7 52. Be5+ Kg8 53. Bf6 Qc7 54. Kf3 fxe6 55. Nxe6 Qd7 56. Nxf8 Bxf8 57. Qf4 Qe6 58. Kf2 Bd6 59. Qf3 Qf5 60. Qxf5 gxf5 61. g6 Bf8 62. Ke3 Bg7 63. Bg5 Kf8 64. Kf4 Bxd4 65. Kxf5 Kg7 66. Bc1 Bc3 67. Bf4 c5 68. Ke6 d4 69. Kd5 Kxg6 70. Kxc5 Kf5 71. Bg5 Ke4 72. Kc4 Be1 73. Kb3 d3 74. Kb2 Kf3 75. Kb1 Ke2 0-1

[Event "Granby op"]
[Site "Granby CAN"]
[Date "2017.11.25"]
[Round "3"]
[White "Hebert, Jean"]
[Black "Chiku-Ratte, Olivier-Kenta"]
[Result "0-1"]
[WhiteElo "2413"]
[BlackElo "2467"]
[PlyCount "130"]
[GameId "2160767908300610"]
[EventDate "2017.11.24"]
[EventType "swiss"]
[EventRounds "5"]
[EventCountry "CAN"]
[SourceTitle "EXT 2022"]
[Source "ChessBase"]
[SourceDate "2021.10.06"]
[SourceVersion "1"]
[SourceVersionDate "2021.10.06"]
[SourceQuality "1"]

1. Nf3 Nf6 2. c4 g6 3. Nc3 Bg7 4. e4 d6 5. d4 O-O 6. Be2 c5 7. O-O cxd4 8. Nxd4 Nc6 9. Be3 Bd7 10. Rc1 Nxd4 11. Bxd4 Bc6 12. f3 Nd7 13. Be3 a5 14. Qd2 Nc5 15. b3 Be5 16. Kh1 e6 17. Bg5 f6 18. Be3 f5 19. Bg5 Qd7 20. exf5 Rxf5 21. Nb5 Qf7 22. Be3 Qe7 23. f4 Ne4 24. Qe1 Bb2 25. Rc2 Bg7 26. Kg1 Nc5 27. Nd4 Bxd4 28. Bxd4 Raf8 29. g3 e5 30. Bxc5 exf4 31. Bg4 Qxe1 32. Rxe1 Rxc5 33. Rc3 Rg5 34. Be6+ Kg7 35. Rd3 fxg3 36. hxg3 Bf3 37. Rxd6 Rxg3+ 38. Kf2 Rg2+ 39. Ke3 Bc6 40. Kd4 Rxa2 41. Kc5 Rb2 42. Re3 Re8 43. Rg3 Re7 44. Bd5 Bxd5 45. cxd5 a4 46. bxa4 Rc7+ 47. Kd4 Rb4+ 48. Ke5 Rxa4 49. Rb6 Ra1 50. Rgb3 Re1+ 51. Kd4 Ree7 52. d6 Rcd7 53. Kd5 g5 54. R6b4 Kg6 55. Rb1 Re2 56. Rd4 h5 57. Rc1 Kf6 58. Rf1+ Kg6 59. Rf8 h4 60. Rg8+ Kf6 61. Rf8+ Kg7 62. Rc8 Kf6 63. Rf8+ Rf7 64. Rh8 Kg7 65. Rc8 Rf5+ 0-1

[Event "Granby op"]
[Site "Granby CAN"]
[Date "2017.11.26"]
[Round "4"]
[White "Bassel, Charaf"]
[Black "Hebert, Jean"]
[Result "0-1"]
[WhiteElo "2099"]
[BlackElo "2413"]
[PlyCount "68"]
[GameId "2160767908300619"]
[EventDate "2017.11.24"]
[EventType "swiss"]
[EventRounds "5"]
[EventCountry "CAN"]
[SourceTitle "EXT 2022"]
[Source "ChessBase"]
[SourceDate "2021.10.06"]
[SourceVersion "1"]
[SourceVersionDate "2021.10.06"]
[SourceQuality "1"]

1. b3 e5 2. Bb2 d6 3. e3 Nf6 4. Ne2 g6 5. d4 Nbd7 6. c4 Bg7 7. Nbc3 O-O 8. g3 Re8 9. Bg2 c6 10. Qc2 h5 11. O-O h4 12. b4 exd4 13. Nxd4 hxg3 14. hxg3 Ne5 15. Nce2 Nfg4 16. Nf3 Nxf3+ 17. Bxf3 Bxb2 18. Qxb2 Ne5 19. Bg2 Nxc4 20. Qd4 Ne5 21. f4 Ng4 22. e4 Qb6 23. Bf3 Ne3 24. Rfc1 f5 25. Qxb6 axb6 26. Kf2 fxe4 27. Kxe3 exf3+ 28. Kxf3 d5 29. a4 Re4 30. b5 Bd7 31. Rab1 Raxa4 32. bxc6 Bxc6 33. Rc3 d4 34. Rcb3 d3 0-1

[Event "Granby op"]
[Site "Granby CAN"]
[Date "2017.11.26"]
[Round "5"]
[White "Hebert, Jean"]
[Black "Papineau (Granby), Daniel"]
[Result "1-0"]
[WhiteElo "2413"]
[BlackElo "2053"]
[PlyCount "81"]
[GameId "2160767908300632"]
[EventDate "2017.11.24"]
[EventType "swiss"]
[EventRounds "5"]
[EventCountry "CAN"]

1. Nf3 Nf6 2. c4 g6 3. Nc3 d5 4. cxd5 Nxd5 5. Qb3 Nb6 6. d4 Bg7 7. Bf4 Be6 8. Qc2 c6 9. e4 O-O 10. Rd1 Bg4 11. Be2 e6 12. O-O N8d7 13. Bd6 Re8 14. a4 Nf6 15. Bf4 Nbd7 16. h3 Bxf3 17. Bxf3 Rc8 18. Be2 Qa5 19. Bd6 Qb6 20. e5 Nd5 21. Ne4 Bf8 22. Bxf8 Rxf8 23. Qd2 a6 24. Qh6 Rfd8 25. Nd6 Rc7 26. Nxf7 Re8 27. Nd6 Re7 28. Qd2 c5 29. Nc4 Qa7 30. a5 cxd4 31. Qxd4 Qb8 32. Bg4 Rc5 33. Rfe1 Qc7 34. b3 Kg7 35. Bf3 Rf7 36. Bg4 Nf4 37. Qd6 Rxc4 38. bxc4 Qxc4 39. Qd4 Qc7 40. Re4 g5 41. Rxf4 1-0

[Event "Varennes int."]
[Site "Varennes CAN"]
[Date "2017.10.06"]
[Round "1"]
[White "Tanaka, Tyler"]
[Black "Hebert, Jean"]
[Result "0-1"]
[WhiteElo "1990"]
[BlackElo "2376"]
[PlyCount "68"]
[GameId "2160767908325976"]
[EventDate "2017.10.06"]
[EventType "swiss"]
[EventRounds "5"]
[EventCountry "CAN"]
[SourceTitle "CBM 181 Extra"]
[Source "ChessBase"]
[SourceDate "2017.12.12"]
[SourceVersion "1"]
[SourceVersionDate "2017.12.12"]
[SourceQuality "1"]

1. e4 c5 2. Nf3 e6 3. d4 cxd4 4. Nxd4 Nc6 5. Nb5 d6 6. c4 Nf6 7. N1c3 a6 8. Na3 Be7 9. Be3 b6 10. Be2 Bb7 11. O-O O-O 12. Rc1 Ne5 13. f3 Ned7 14. Nc2 Qb8 15. a3 Re8 16. Qd2 Bd8 17. b4 Bc7 18. g3 d5 19. cxd5 exd5 20. Nxd5 Nxd5 21. exd5 Bxg3 22. Bc4 Bd6 23. Rce1 Re5 24. Rf2 Qc7 25. Bb3 Rae8 26. Bd4 Rxe1+ 27. Nxe1 Bf4 28. Qd1 Qd6 29. Rg2 g6 30. Bb2 Nf6 31. Bxf6 Qxf6 32. Nc2 Qc3 33. Rg4 Be3+ 34. Nxe3 Rxe3 0-1

[Event "Varennes int."]
[Site "Varennes CAN"]
[Date "2017.07.10"]
[Round "2.9"]
[White "Hebert, Jean"]
[Black "Tomb, Maroun"]
[Result "1/2-1/2"]
[WhiteElo "2376"]
[BlackElo "2155"]
[PlyCount "83"]
[GameId "2160767908326011"]
[EventDate "2017.10.06"]
[EventType "swiss"]
[EventRounds "5"]
[EventCountry "CAN"]

1. d4 d6 2. Nf3 Nf6 3. c4 Nbd7 4. Nc3 e5 5. e4 Be7 6. Be2 O-O 7. O-O c6 8. Rb1 a5 9. Re1 Re8 10. Bf1 Bf8 11. d5 Nc5 12. b3 Bd7 13. Nd2 g6 14. a3 cxd5 15. cxd5 Nh5 16. g3 f5 17. f3 Be7 18. b4 axb4 19. Rxb4 fxe4 20. Ndxe4 Qc7 21. Kg2 Ra5 22. Bb2 Ng7 23. Qd2 Nf5 24. Nb5 Bxb5 25. Bxb5 Rf8 26. a4 Raa8 27. Rc4 b6 28. Nxc5 bxc5 29. Rce4 Bf6 30. Qd3 Rf7 31. Bc3 Nd4 32. Bxd4 cxd4 33. R4e2 Bg5 34. Rc2 Qa5 35. Rf1 Be3 36. h4 Raf8 37. Rc6 Qb4 38. Rc4 Qa5 39. Rc6 Qb4 40. Rc2 Kg7 41. Rc4 Qa5 42. Rc6 1/2-1/2

[Event "Varennes int."]
[Site "Varennes CAN"]
[Date "2017.10.07"]
[Round "3.8"]
[White "Luksza, Arkadiusz"]
[Black "Hebert, Jean"]
[Result "1-0"]
[WhiteElo "2081"]
[BlackElo "2376"]
[PlyCount "135"]
[GameId "2160767908330135"]
[EventDate "2017.10.06"]
[EventType "swiss"]
[EventRounds "5"]
[EventCountry "CAN"]

1. d4 Nf6 2. c4 e6 3. Nc3 Bb4 4. e3 O-O 5. Nge2 d5 6. a3 Be7 7. Ng3 Re8 8. Be2 Nbd7 9. O-O c6 10. e4 dxe4 11. Ngxe4 Nxe4 12. Nxe4 Nf6 13. Nc3 b6 14. Bf3 Qc7 15. Qb3 Bb7 16. Rd1 Rad8 17. Be3 Rd7 18. Rac1 Qb8 19. Qa4 b5 20. Qb3 bxc4 21. Qxc4 Nd5 22. Ne4 Red8 23. b4 a5 24. Nc5 Bxc5 25. bxc5 Qa8 26. Bg5 Ba6 27. Qc2 Rb8 28. Rb1 Rdb7 29. Bxd5 exd5 30. Bf4 Re8 31. Rb6 Rbe7 32. Qc3 Bb5 33. h3 a4 34. Qg3 f6 35. Qc3 Bc4 36. Qb4 Kf7 37. Bd6 Rd7 38. Re1 Rxe1+ 39. Qxe1 Qe8 40. Qxe8+ Kxe8 41. Rxc6 Rb7 42. Rc8+ Kd7 43. Ra8 Bb5 44. f3 Bc6 45. Rg8 g6 46. Rh8 Ke6 47. Kf2 Ra7 48. g4 Rb7 49. Kg3 Bb5 50. h4 Bc6 51. Kf4 Bb5 52. h5 gxh5 53. gxh5 Bc6 54. h6 Bb5 55. Kg3 Bc6 56. Bf4 Bb5 57. Bd2 Bc6 58. Kf4 Bb5 59. Ba5 Bc6 60. Bb6 Bb5 61. Rg8 Bc6 62. Rh8 Bb5 63. Kg4 Bc6 64. f4 Re7 65. Rg8 Rb7 66. Rd8 Bd7 67. f5+ Ke7 68. Rh8 1-0

[Event "Montreal op"]
[Site "Montreal CAN"]
[Date "2017.09.08"]
[Round "1.4"]
[White "Hebert, Jean"]
[Black "Prahov, Valentin"]
[Result "1-0"]
[WhiteElo "2422"]
[BlackElo "2090"]
[PlyCount "61"]
[GameId "2160767908338718"]
[EventDate "2017.09.08"]
[EventType "swiss"]
[EventRounds "5"]
[EventCountry "CAN"]
[SourceTitle "hb 2017"]

1. d4 Nf6 2. c4 g6 3. Nc3 d5 4. cxd5 Nxd5 5. Bd2 Bg7 6. e4 Nb6 7. Be3 O-O 8. Be2 Nc6 9. d5 Ne5 10. Bd4 f6 11. Qb3 Kh8 12. Rd1 a6 13. f4 Nf7 14. Nf3 Qd6 15. O-O Qxf4 16. Ne5 Qg5 17. Nxf7+ Rxf7 18. d6 e6 19. dxc7 Nd7 20. Qxe6 Ne5 21. Qb6 Nd7 22. Qb3 Rf8 23. Nd5 h5 24. Nf4 Ne5 25. h4 Qh6 26. Bc5 Rg8 27. Rd8 Qh7 28. Rfd1 Nc6 29. Rxg8+ Qxg8 30. Rd8 Nxd8 31. Qxg8+ 1-0

[Event "Montreal op"]
[Site "Montreal CAN"]
[Date "2017.09.09"]
[Round "3.3"]
[White "Pace, Christopher"]
[Black "Hebert, Jean"]
[Result "1/2-1/2"]
[WhiteElo "2186"]
[BlackElo "2422"]
[PlyCount "87"]
[GameId "2160767908338755"]
[EventDate "2017.09.08"]
[EventType "swiss"]
[EventRounds "5"]
[EventCountry "CAN"]
[SourceTitle "hb 2017"]

1. e4 c5 2. Nf3 Nc6 3. Bb5 d6 4. O-O Bg4 5. h3 Bh5 6. d3 Nf6 7. Re1 e6 8. Nbd2 Nd7 9. Bxc6 bxc6 10. c3 Be7 11. Qa4 Qc7 12. g4 Bg6 13. Nf1 O-O 14. Ng3 d5 15. c4 Bd6 16. Kg2 Rfd8 17. Bd2 a5 18. Bc3 Rdb8 19. Qc2 f6 20. b3 Bxg3 21. fxg3 e5 22. Nh4 dxe4 23. dxe4 Nf8 24. g5 Ne6 25. gxf6 gxf6 26. Rf1 Qg7 27. Kh2 Rd8 28. Rad1 Nd4 29. Qg2 a4 30. b4 cxb4 31. Bxb4 Rab8 32. a3 Qf7 33. Rf2 Re8 34. Rdf1 Re6 35. g4 h6 36. Nf5 Kh7 37. Nxd4 exd4 38. e5 Rbe8 39. Rxf6 Rxf6 40. Rxf6 Qxc4 41. Rxc6 Qb3 42. Rc7+ Kg8 43. Qc6 Qd3 44. Qf6 1/2-1/2

[Event "Montreal op"]
[Site "Montreal CAN"]
[Date "2017.09.10"]
[Round "4.3"]
[White "Hebert, Jean"]
[Black "Ouellet, Maili-Jade"]
[Result "1-0"]
[WhiteElo "2422"]
[BlackElo "2212"]
[PlyCount "137"]
[GameId "2160767908338777"]
[EventDate "2017.09.08"]
[EventType "swiss"]
[EventRounds "5"]
[EventCountry "CAN"]
[SourceTitle "hb 2017"]

1. d4 d5 2. c4 e6 3. Nf3 Nf6 4. g3 Be7 5. Bg2 O-O 6. O-O dxc4 7. Qc2 b6 8. Ne5 Qxd4 9. Bxa8 Qxe5 10. Bf4 Qc5 11. Nd2 Ba6 12. Be3 Qh5 13. Bf3 Ng4 14. Bxg4 Qxg4 15. f3 Qh5 16. Nxc4 Bc5 17. Bf2 Nc6 18. Rad1 Nb4 19. Qb3 Bxf2+ 20. Rxf2 Qc5 21. Ne3 c6 22. Qc3 Qxc3 23. bxc3 Nd5 24. Nxd5 cxd5 25. e4 Bc4 26. a4 Rc8 27. Rb2 Kf8 28. Kf2 Ke7 29. exd5 Bxd5 30. Rd3 Rc6 31. Rb4 Bc4 32. Rd4 Ba2 33. Rd3 Bc4 34. Rd2 Bd5 35. Rc2 Kd7 36. Rd4 Ke7 37. Ke3 Rc5 38. f4 Bb3 39. Rc1 Bd5 40. Kd3 Ra5 41. Rb1 Bc6 42. Rbb4 Bb7 43. Kc2 Ba6 44. Rb1 Rc5 45. Rbd1 Rc7 46. Kb3 Be2 47. Re1 Ba6 48. f5 Bb7 49. fxe6 fxe6 50. a5 b5 51. Re5 a6 52. Kb4 Bg2 53. Rc5 Rb7 54. Rc8 e5 55. Rd2 Bf3 56. Kc5 e4 57. Rdd8 g5 58. Kd4 b4 59. Rb8 Rxb8 60. Rxb8 bxc3 61. Kxc3 e3 62. Rb6 h5 63. Rxa6 Kd7 64. Rb6 Kc7 65. Rg6 g4 66. Rh6 Kb7 67. Rxh5 Ka6 68. Re5 e2 69. Kd2 1-0

[Event "Montreal op"]
[Site "Montreal CAN"]
[Date "2017.09.10"]
[Round "5.3"]
[White "Tomb, Maroun"]
[Black "Hebert, Jean"]
[Result "0-1"]
[WhiteElo "2226"]
[BlackElo "2422"]
[PlyCount "112"]
[GameId "2160767908346988"]
[EventDate "2017.09.08"]
[EventType "swiss"]
[EventRounds "5"]
[EventCountry "CAN"]
[SourceTitle "hb 2017"]

1. e4 c5 2. Ne2 Nc6 3. Nbc3 e5 4. Ng3 d6 5. Bc4 Be6 6. d3 g6 7. O-O Bg7 8. Bxe6 fxe6 9. f4 exf4 10. Bxf4 Nge7 11. Qd2 h6 12. Be3 Ne5 13. h3 N7c6 14. Rf4 Qe7 15. a3 O-O-O 16. b4 Nd4 17. Raf1 Rdf8 18. Nce2 Rxf4 19. Rxf4 Nec6 20. c3 Nxe2+ 21. Nxe2 Ne5 22. d4 Nc4 23. Qd3 Nxe3 24. Qxe3 e5 25. Rg4 exd4 26. cxd4 g5 27. bxc5 dxc5 28. e5 Rd8 29. Re4 Bf8 30. a4 Qe6 31. Kh2 Be7 32. Nc3 cxd4 33. Rxd4 a6 34. a5 Bd6 35. Re4 Bc7 36. Na4 Bxa5 37. Qc5+ Qc6 38. Qxc6+ bxc6 39. Nc5 Bb6 40. Nxa6 Kb7 41. Nb4 c5 42. Nc2 Bc7 43. Kg3 Kc6 44. Kg4 Kd5 45. Re2 Bxe5 46. Ne3+ Kc6 47. Nf5 Bf4 48. Nxh6 c4 49. g3 Bd2 50. Nf7 Rd4+ 51. Kh5 c3 52. Ne5+ Kd5 53. Nf3 Rd3 54. Nxd2 cxd2 55. Rxd2 Rxd2 56. Kxg5 Ke6 0-1

[Event "Quebec op"]
[Site "Ste-Foy CAN"]
[Date "2017.08.13"]
[Round "2.4"]
[White "Hebert, Jean"]
[Black "Sprumont, Oscar"]
[Result "1/2-1/2"]
[WhiteElo "2370"]
[BlackElo "2061"]
[PlyCount "56"]
[GameId "2160767908347201"]
[EventDate "2017.08.12"]
[EventType "swiss"]
[EventRounds "9"]
[EventCountry "CAN"]

1. Nf3 Nf6 2. c4 g6 3. Nc3 d5 4. cxd5 Nxd5 5. g3 Bg7 6. Bg2 O-O 7. O-O Nxc3 8. bxc3 c5 9. Rb1 Nc6 10. Qc2 b6 11. d3 Bb7 12. e4 Qd7 13. Be3 e5 14. Rfd1 Rac8 15. Qb2 Na5 16. c4 Rfe8 17. Qe2 Nc6 18. Qf1 Rc7 19. Bh3 Qd8 20. Rb3 Bc8 21. Bxc8 Qxc8 22. Nd2 f5 23. f3 Rf7 24. Qh3 Ref8 25. a3 Qd8 26. Qg2 f4 27. gxf4 exf4 28. Bf2 Bd4 1/2-1/2

[Event "Quebec op"]
[Site "Ste-Foy CAN"]
[Date "2017.08.13"]
[Round "3"]
[White "Soudre, Nicolas"]
[Black "Hebert, Jean"]
[Result "0-1"]
[WhiteElo "2094"]
[BlackElo "2370"]
[PlyCount "80"]
[GameId "2160767908347218"]
[EventDate "2017.08.12"]
[EventType "swiss"]
[EventRounds "9"]
[EventCountry "CAN"]
[SourceTitle "CBM 180 Extra"]
[Source "ChessBase"]
[SourceDate "2017.10.06"]
[SourceVersion "1"]
[SourceVersionDate "2017.10.06"]
[SourceQuality "1"]

1. e4 c5 2. Nc3 Nc6 3. f4 g6 4. Nf3 Bg7 5. Bb5 d6 6. Bxc6+ bxc6 7. d3 Nf6 8. O-O O-O 9. Qe1 Nd7 10. e5 dxe5 11. fxe5 Nxe5 12. Nxe5 Qd4+ 13. Be3 Qxe5 14. Qf2 c4 15. Bxa7 cxd3 16. cxd3 Bf5 17. d4 Qc7 18. Bc5 Rfe8 19. Rac1 Qd7 20. b3 Be6 21. Na4 Rab8 22. Nb6 Qc7 23. Nc4 Red8 24. Qe3 Rd5 25. Ne5 Bxe5 26. dxe5 Qd7 27. Rc3 Bf5 28. a4 Qe6 29. Re1 Rbd8 30. b4 Rd2 31. a5 Qa2 32. Qf3 Be6 33. Ra3 Qc2 34. Bf2 Rxf2 35. Qxf2 Rd2 36. Qf1 Bc4 37. Rc1 Rxg2+ 38. Kh1 Rxh2+ 39. Kg1 Rg2+ 40. Kh1 Bxf1 0-1

[Event "Quebec op"]
[Site "Ste-Foy CAN"]
[Date "2017.08.15"]
[Round "5"]
[White "Tanaka, Tyler"]
[Black "Hebert, Jean"]
[Result "0-1"]
[WhiteElo "2004"]
[BlackElo "2370"]
[PlyCount "108"]
[GameId "2160767908347244"]
[EventDate "2017.08.12"]
[EventType "swiss"]
[EventRounds "9"]
[EventCountry "CAN"]
[SourceTitle "CBM 180 Extra"]
[Source "ChessBase"]
[SourceDate "2017.10.06"]
[SourceVersion "1"]
[SourceVersionDate "2017.10.06"]
[SourceQuality "1"]

1. e4 c5 2. Nf3 e6 3. d4 cxd4 4. Nxd4 Nc6 5. Nb5 d6 6. c4 Nf6 7. N1c3 a6 8. Na3 Be7 9. Be3 b6 10. Be2 Bb7 11. O-O O-O 12. Rc1 Rc8 13. f3 Nd7 14. Qd2 Re8 15. Rfd1 Nce5 16. f4 Ng6 17. e5 Rc6 18. Bf3 Qc8 19. Bxc6 Qxc6 20. exd6 Bxd6 21. Rc2 Bc5 22. Bxc5 Qxc5+ 23. Qf2 Qc7 24. Qd4 Bc6 25. Nd5 Qb7 26. Nb4 Nf6 27. Nxc6 Qxc6 28. Re2 Rc8 29. Qd6 Qb7 30. b4 h5 31. Qd4 Qc7 32. Rf2 Ne7 33. Qe5 Qb7 34. Rfd2 Ng6 35. Qe3 Qc7 36. Rf1 Ne7 37. Qe5 Qb7 38. Rfd1 Kh7 39. Qe3 Nf5 40. Qe2 Qc7 41. Qe5 Qe7 42. Qb2 a5 43. Rb1 h4 44. Qb3 Qc7 45. Rf1 Ne4 46. Rb2 Rd8 47. Nb1 Qd6 48. h3 Qd4+ 49. Kh2 Neg3 50. Rbf2 axb4 51. Qf3 Nxf1+ 52. Rxf1 Qxc4 53. Qh5+ Kg8 54. Qg5 f6 0-1

[Event "Quebec op"]
[Site "Ste-Foy CAN"]
[Date "2017.08.16"]
[Round "6"]
[White "Hebert, Jean"]
[Black "Duong, Thanh Nha"]
[Result "1-0"]
[WhiteElo "2370"]
[BlackElo "2122"]
[PlyCount "137"]
[GameId "2160767908347264"]
[EventDate "2017.08.12"]
[EventType "swiss"]
[EventRounds "9"]
[EventCountry "CAN"]
[SourceTitle "CBM 180 Extra"]
[Source "ChessBase"]
[SourceDate "2017.10.06"]
[SourceVersion "1"]
[SourceVersionDate "2017.10.06"]
[SourceQuality "1"]

1. Nf3 Nf6 2. g3 g6 3. c4 Bg7 4. Bg2 e6 5. d4 O-O 6. O-O Nc6 7. Nc3 d6 8. h3 Bd7 9. e4 e5 10. d5 Nd4 11. Nxd4 exd4 12. Qxd4 Qc8 13. Bg5 Nh5 14. Qd2 Bxh3 15. Bh6 Qg4 16. Bxg7 Nxg7 17. Qe2 Qxe2 18. Nxe2 Bxg2 19. Kxg2 Rae8 20. Nc3 f5 21. exf5 Rxf5 22. Rfe1 Rfe5 23. Rxe5 Rxe5 24. a4 a5 25. Rb1 b6 26. Nb5 Ne8 27. Kf3 Kg7 28. Nd4 Kf6 29. Nc6 Rf5+ 30. Kg2 Kf7 31. Re1 Kf8 32. f4 Ng7 33. Re4 h5 34. Kh3 Rf7 35. g4 hxg4+ 36. Kxg4 Nh5 37. Kg5 Kg7 38. Nd4 Nf6 39. Ne6+ Kh7 40. Re1 Nh5 41. b3 Rf5+ 42. Kg4 Kh6 43. Rh1 Rf7 44. Kf3 Re7 45. Ke3 Rf7 46. Kd4 Rf5 47. Ke4 Rf6 48. Rh3 Rf5 49. Kd4 Rf7 50. Kc3 Re7 51. b4 c5 52. b5 Rf7 53. Kd3 Rf6 54. Ke4 Kh7 55. Rh4 Rf5 56. Ng5+ Kh6 57. Ke3 Rf8 58. Kf3 Re8 59. Nf7+ Kg7 60. Nxd6 Re1 61. Nc8 Kf6 62. Nxb6 Rc1 63. d6 Rd1 64. d7 Ke7 65. f5 Nf6 66. fxg6 Rd6 67. Nc8+ Kxd7 68. Nxd6 Kxd6 69. g7 1-0

[Event "Quebec op"]
[Site "Ste-Foy CAN"]
[Date "2017.08.17"]
[Round "7"]
[White "Mikhalevski, Victor"]
[Black "Hebert, Jean"]
[Result "1-0"]
[WhiteElo "2533"]
[BlackElo "2370"]
[PlyCount "97"]
[GameId "2160767908347281"]
[EventDate "2017.08.12"]
[EventType "swiss"]
[EventRounds "9"]
[EventCountry "CAN"]
[SourceTitle "CBM 180 Extra"]
[Source "ChessBase"]
[SourceDate "2017.10.06"]
[SourceVersion "1"]
[SourceVersionDate "2017.10.06"]
[SourceQuality "1"]

1. d4 d5 2. c4 e6 3. Nf3 Nf6 4. Nc3 c6 5. Bg5 h6 6. Bh4 Nbd7 7. e3 Be7 8. Qc2 O-O 9. g4 dxc4 10. Bxc4 Nd5 11. Bxe7 Qxe7 12. Rg1 g6 13. O-O-O Nxc3 14. Qxc3 b5 15. Be2 Bb7 16. Ne5 b4 17. Qc2 Nxe5 18. dxe5 Rfd8 19. Bd3 Rd5 20. f4 Rad8 21. Be4 Rxd1+ 22. Rxd1 Rxd1+ 23. Qxd1 Qc5+ 24. Kb1 Qxe3 25. Qd8+ Kh7 26. Bxg6+ fxg6 27. Qc7+ Kg8 28. Qb8+ Kg7 29. Qxb7+ Kh8 30. Qa8+ Kg7 31. Qb7+ Kh8 32. Qb8+ Kh7 33. Qc7+ Kh8 34. Qc8+ Kh7 35. Qd7+ Kh8 36. Qd8+ Kh7 37. Qc7+ Kh8 38. Qd8+ Kh7 39. Qe7+ Kh8 40. Qf8+ Kh7 41. Qe7+ Kh8 42. Qf8+ Kh7 43. Qf7+ Kh8 44. Qxg6 Qg1+ 45. Kc2 Qxh2+ 46. Kb3 Qxf4 47. Qxe6 Kg7 48. Qd7+ Kf8 49. e6 1-0